000 00535nam a2200205Ia 4500
003 OSt
005 20230426093204.0
008 210423s2013 xx 000 0 und d
020 _a9780385339032
040 _cAL
041 _aeng
082 _a808.2322 FIES
_223
100 _aFIELD (Syd)
_993096
245 _aScreenplay: the foundations of screen writing.
260 _aNew York
_bBantam dell
_c2013
300 _a320
_bPB
365 _b699
_cINR
906 _afoundations ; screen ; Screenplay: ; writing.
942 _2ddc
_cBK
999 _c161676
_d161676